|
|
|
|
| LEADER |
00000cam a22000004a 4500 |
| 001 |
musev2_3470 |
| 003 |
MdBmJHUP |
| 005 |
20230905040432.0 |
| 006 |
m o d |
| 007 |
cr||||||||nn|n |
| 008 |
071204s2008 mdu o 00 0 eng d |
| 010 |
|
|
|z 2007049668
|
| 020 |
|
|
|a 9781421400754
|
| 020 |
|
|
|z 9780801889943
|
| 035 |
|
|
|a (OCoLC)608764804
|
| 040 |
|
|
|a MdBmJHUP
|c MdBmJHUP
|
| 050 |
0 |
4 |
|a RC483.5.L9
|b D93 2008
|
| 082 |
0 |
|
|a 616.89/18
|2 22
|
| 100 |
1 |
|
|a Dyck, Erika.
|
| 245 |
1 |
0 |
|a Psychedelic Psychiatry :
|b LSD from Clinic to Campus /
|c Erika Dyck.
|
| 264 |
|
1 |
|a Baltimore, Md. :
|b Johns Hopkins University Press,
|c 2008.
|
| 264 |
|
3 |
|a Baltimore, Md. :
|b Project MUSE,
|c 2012
|
| 264 |
|
4 |
|c ©2008.
|
| 300 |
|
|
|a 1 online resource (216 pages):
|b ill. ;
|
| 336 |
|
|
|a text
|b txt
|2 rdacontent
|
| 337 |
|
|
|a computer
|b c
|2 rdamedia
|
| 338 |
|
|
|a online resource
|b cr
|2 rdacarrier
|
| 504 |
|
|
|a Includes bibliographical references (p. [171]-192) and index.
|
| 505 |
0 |
|
|a Psychedelic pioneers -- Simulating psychoses -- Highs and lows -- Keeping tabs on science and spirituality -- Acid panic -- "The perfect contraband."
|
| 588 |
|
|
|a Description based on print version record.
|
| 650 |
2 |
2 |
|a Lysergic Acid Diethylamide
|x therapeutic use.
|
| 650 |
2 |
2 |
|a History, 20th Century.
|
| 650 |
1 |
2 |
|a Lysergic Acid Diethylamide
|x history.
|
| 650 |
|
0 |
|a LSD (Drug)
|x Therapeutic use
|x History.
|
| 655 |
|
7 |
|a Electronic books.
|2 local
|
| 710 |
2 |
|
|a Project Muse.
|e distributor
|
| 830 |
|
0 |
|a Book collections on Project MUSE.
|
| 856 |
4 |
0 |
|z Texto completo
|u https://projectmuse.uam.elogim.com/book/3470/
|
| 945 |
|
|
|a Project MUSE - Custom Collection
|
| 945 |
|
|
|a Project MUSE - Archive Complete Foundation
|
| 945 |
|
|
|a Project MUSE - Archive History Foundation
|